| 000 -LEADER |
| fixed length control field |
00431pab a2200145 454500 |
| 008 - FIXED-LENGTH DATA ELEMENTS--GENERAL INFORMATION |
| fixed length control field |
180718b1985 xxu||||| |||| 00| 0 eng d |
| 100 ## - MAIN ENTRY--PERSONAL NAME |
| Personal name |
Shiva Ramu, S. |
| 245 ## - TITLE STATEMENT |
| Title |
Turn - around strategy for SPEs (State Public Enterprises) |
| Remainder of title |
Perception of middle level management |
| 260 ## - PUBLICATION, DISTRIBUTION, ETC. |
| Date of publication, distribution, etc. |
1985 |
| 300 ## - PHYSICAL DESCRIPTION |
| Extent |
7-19 |
| 362 ## - DATES OF PUBLICATION AND/OR SEQUENTIAL DESIGNATION |
| Dates of publication and/or sequential designation |
Feb. |
| 650 ## - SUBJECT ADDED ENTRY--TOPICAL TERM |
| Topical term or geographic name entry element |
Government Enterprise - Executives - India - Karnataka |
| 773 ## - HOST ITEM ENTRY |
| Main entry heading |
Lok Udyog |
| 909 ## - |
| -- |
9231 |